000
00207 a2200097 4500
020
_a
9789978806753
041
_a
spa
100
_a
Augusto Roa Bastos
245
_a
Los juegos de Carolina y Gaspar
942
_c
BK
999
_c
11088
_d
11088